00455nam a2200181 a 4500001001300000003000900013005001700022008004100039020002200080082001500102100001800117245002400135260003800159300000800197500003500205650001500240700001800255nice12345678IN_TiNIC20260116014756.0090727s2008 newa grp 000 0 eng  a9788189524388c3000a923.2bAMB aAmbedkar, B R aGandhi and Gandhism aNew Delhi bCritical Quest c2008 a56p aincludes index and biblioraphy aGandhi M K1 aAmbedkar, B R